Fast Math - Addition - Sudden Death - Statistics

General Stats
  • This quiz has been taken 458 times
    450 since last reset
  • The average score is 8 of 14
Answers on the Grid
Answers color-coded by a green-red scale on the quiz's grid according to % correct below.
2 + 3 = 5
42 + 329 = 394
80 + 40 = 130
291 + 8 = 299
402 + 194 = 586
10 + 21 = 31
56 + 71 = 127
3 + 5 = 9
67 + 31 = 108
89 + 22 = 111
364 + 34 = 408
44 + 371 = 415
7 + 366 = 372
241 + 361 = 592
106 + 41 = 147
230 + 167 = 397
330 + 288 = 518
380 + 24 = 424
47 + 46 = 92
8 + 61 = 70
27 + 285 = 309
403 + 11 = 414
148 + 189 = 337
143 + 27 = 160
77 + 44 = 121
67 + 262 = 329
81 + 13 = 104
307 + 109 = 416
31 + 435 = 456
167 + 137 = 304
 
Answer Stats
Answer % Correct
10 + 21 = 31
65%
2 + 3 = 5
62%
291 + 8 = 299
60%
106 + 41 = 147
59%
77 + 44 = 121
59%
89 + 22 = 111
59%
403 + 11 = 414
56%
307 + 109 = 416
55%
230 + 167 = 397
52%
44 + 371 = 415
51%
56 + 71 = 127
51%
67 + 262 = 329
51%
167 + 137 = 304
50%
148 + 189 = 337
46%
No matching quizzes found
Score Distribution
Percent of People with Each Score
Percentile by Number Answered
Your Score History
You have not taken this quiz since the last reset